Famous People Born in the Balkans by Picture - Statistics

General Stats
  • This quiz has been taken 73 times
  • The average score is 5 of 16
Answer Stats
Picture Answer % Correct
Novak Djoković
90%
Melania Trump
86%
Luka Modrić
81%
Edin Džeko
49%
Giannis Antetokounmpo
46%
Rita Ora
46%
Dimitar Berbatov
35%
Nina Dobrev
22%
Sebastian Stan
21%
Ana Ivanović
14%
Marina Abramović
14%
Stjepan Hauser
13%
Emir Kusturica
11%
Simona Halep
11%
Lepa Brena
5%
Maria Bakalova
5%
No matching quizzes found
Score Distribution
Percent of People with Each Score
Percentile by Number Answered
Your Score History
You have not taken this quiz